The Simpsons Treehouse of HORROR - Statistics

General Stats
  • This quiz has been taken 13 times
  • The average score is 15 of 16
Answer Stats
Question Answer % Correct
Mr. Burns puts Homer's brain into a robot. Treehouse of Horror II
100%
Band Lisa raise the dead. Treehouse of Horror III
100%
Homer buys a Krusty doll for Bart, but the doll is evil! Treehouse of Horror III
100%
Homer sells his soul to the Devil for a donut. Treehouse of Horror IV
100%
Mr. Burns is a vampire. Treehouse of Horror IV
100%
Snake is killed and his hair possesses Homer. Treehouse of Horror IX
100%
Bart and Lisa become characters in an Itchy & Scratchy cartoon. Treehouse of Horror IX
100%
Maggie's father is Kang. Treehouse of Horror IX
100%
Homer gets cursed and ends up giving bad luck to his family. Treehouse of Horror XII
100%
Homer makes a time travel machine out of the toaster. Treehouse of Horror V
89%
Principal Skinner cooks the students for food. Treehouse of Horror V
89%
Homer is trapped in a 3-dimensional world. Treehouse of Horror VI
89%
Springfield's billboards and advertisements come to life and wreck the town. Treehouse of Horror VI
89%
Bart meets his conjoined twin Hugo. Treehouse of Horror VII
89%
Marge ends up being a witch. Treehouse of Horror VIII
89%
Kang and Kodos sabotage the presidential election. Treehouse of Horror VII
56%
No matching quizzes found
Score Distribution
Percent of People with Each Score
Percentile by Number Answered
Your Score History
You have not taken this quiz